Enkapsulácia a pseudoenkapsulácia lipidických aditív pre instantné výrobky bakalárska práca

Salvato in:
Dettagli Bibliografici
Autore principale: Hubayová, Daniela
Natura: Libro
Lingua:slovacco
Pubblicazione: Bratislava STU FCHPT 2014
Accesso online:Visualizza in OPAC
Tags: Aggiungi Tag
Nessun Tag, puoi essere il primo ad aggiungerne!!

MARC

LEADER 00000nam a2200000 a 4500
005 20260127134305.0
008 140819 2014 000 0 slo d
035 |a vtls010614931 
039 9 |y 201408190954  |z mschk03 
040 |a STUSCHK1  |b slo  |c STUSCHK1  |e AACR2 
100 1 |a Hubayová, Daniela 
245 1 |a Enkapsulácia a pseudoenkapsulácia lipidických aditív pre instantné výrobky  |b bakalárska práca  |c Daniela Hubayová 
260 |a Bratislava  |b STU FCHPT  |c 2014 
300 |a 35 s.  |b Obr., tab.  |c 30 cm 
500 |a Obhájené: 14.7.2014 
500 |a Štud. program: biotechnológia a potravinárska technológia 
500 |a Štud. odbor: biotechnológie 
500 |a Školiace pracovisko: Odd. výživy a hodnotenia potravín 
500 |a Evid. číslo: FCHPT-13567-42724 
910 |a SCHK95 
999 |c 8909  |d 8909